|
|
|
|
| LEADER |
00000nam a2200000 i 4500 |
| 001 |
DIGEPUJ0250 |
| 003 |
NyNyDIG |
| 008 |
201217s2019 ck a ob 000 0 spa d |
| 006 |
m o d |
| 007 |
cr ||||||||||| |
| 035 |
|
|
|a (OCoLC)1227307007
|
| 040 |
|
|
|a DGITA
|b eng
|e rda
|e pn
|c DGITA
|
| 020 |
|
|
|a 9789587814385
|q digital
|
| 020 |
|
|
|a 958781438X
|q digital
|
| 020 |
|
|
|z 9789587814378
|q impreso
|
| 020 |
|
|
|z 9587814371
|q impreso
|
| 041 |
1 |
|
|a spa
|h eng
|
| 050 |
1 |
4 |
|a N72.P6 ebook
|
| 082 |
0 |
4 |
|a 701.03
|
| 100 |
1 |
|
|a Zepke, Stephen,
|e author.
|
| 240 |
1 |
0 |
|a Articles.
|k Selections.
|l Spanish
|
| 245 |
1 |
3 |
|a La sensación más allá de los límites :
|b ensayos sobre arte y política /
|c Stephen Zepke ; Nicolás Alvarado Castillo, editor académico.
|
| 250 |
|
|
|a Primera edición.
|
| 264 |
|
1 |
|a Bogotá, D.C. :
|b Editorial Pontificia Universidad Javeriana,
|c [2019]
|
| 300 |
|
|
|a 1 online resource :
|b illustrations.
|
| 336 |
|
|
|a text
|b txt
|2 rdacontent
|
| 337 |
|
|
|a computer
|b c
|2 rdamedia
|
| 338 |
|
|
|a online resource
|b cr
|2 rdacarrier
|
| 347 |
|
|
|a text file
|2 rdaft
|
| 347 |
|
|
|b EPUB
|
| 504 |
|
|
|a Includes bibliographical references.
|
| 588 |
0 |
|
|a Online resource; title from ePub title page (Digitalia, viewed December 18, 2020)
|
| 650 |
|
0 |
|a Art
|x Political aspects.
|
| 650 |
|
0 |
|a Art
|x Philosophy.
|
| 650 |
|
0 |
|a Art, Modern
|y 21st century.
|
| 655 |
|
0 |
|a Electronic books.
|
| 700 |
1 |
|
|a Alvarado Castillo, Nicolás,
|e editor.
|
| 791 |
2 |
|
|a Digitalia (Firm),
|e distributor.
|
| 793 |
0 |
|
|g Digitalia eBook Collection:
|a Pontificia Universidad Javeriana
|
| 776 |
0 |
8 |
|i Print version:
|a Zepke, Stephen.
|t Sensación más allá de los límites.
|b Primera edición.
|d Bogotá : Editorial Pontificia Universidad Javeriana, 2019
|z 9789587814378
|
| 856 |
4 |
0 |
|3 Digitalia Hispánica
|u https://www.digitaliapublishing.com/a/68216/
|
| 910 |
|
|
|a Premium collection: 2020
|